000 02828nam0a2200421 4500
001 RU\NLR\bibl\949557
005 20260406053216.0
010 _a5-94157-657-9
_bВ пер.
_92000
021 _aRU
_b2006-14326
_9705
035 _a(nilc)RSL-KNO-002858747
035 _a(NLR Aleph) 000937668
090 _a199767
_c199767
100 _a20060407d2006 |||y0rusy50 ca
101 0 _arus
102 _aRU
105 _aa |||||||||
106 _ar
200 1 _aПроектирование систем на микросхемах с программируемой структурой
_e[состояние и перспективы развития цифровых и аналоговых программируемых БИС/СБИС, методология, средства и примеры проектирования с использованием САПР, средства систем. уровня проектирования (SystemC), яз. опис. цифровой и аналоговой аппаратуры (VHDL, VerilogHDL, VHDL-AMS)
_eучебное пособие]
_fР. И. Грушвицкий, А. Х. Мурсаев, Е. П. Угрюмов
205 _a2-е изд., [перераб. и доп.]
210 _aСанкт-Петербург
_cБХВ-Петербург
_d2006
_eМ.
_gТипография "Наука"
215 _a736 с.
_cсхем.
_d24
300 _aНа 4-й с. обл. авт.: Грушвицкий Р.И., к.т.н., доц., Мурсаев А.Х., д.т.н., проф., Угрюмов Е.П., д.т.н., проф., засл. деят. науки и техники РФ
313 _aпред.изд.2002г.
320 _aБиблиогр.: с. 723-727 (71 назв.)
320 _aПредм. указ.: с. 729-736
606 1 _aПрограммируемые логические интегральные схемы
_jУчебные издания
_xСАПР
_92263879
_3RU\NLR\auth\661357209
610 0 _aРадиоэлектроника -- Микроэлектроника -- Интегральные схемы большие и сверхбольшие -- Проектирование -- Автоматизация -- Учебник для высшей школы
686 _aЗ844.152-02-5-05я73-1
_2rubbk
686 _aЗ844.15-02-5-05я7
700 1 _aГрушвицкий
_bР. И.
_gРостислав Игоревич
_4070
701 1 _4070
_8rus
_7ca
_aМурсаев
_bА. Х.
_gАлександр Хафизович
_3RU\NLR\auth\778010
_9117931
701 1 _4070
_8rus
_7ca
_aУгрюмов
_bЕ. П.
_gЕвгений Павлович
_3RU\NLR\auth\778012
_9117933
801 0 _aRU
_bРКП
_c20060407
_grcr
801 1 _aRU
_bРГБ
_c20060407
801 2 _aRU
_bNLR
_c20060516
_grcr
942 _cBOOK
980 _aNB